|
|
|
|
| LEADER |
00000nam0a2200000 4500 |
| 001 |
374906 |
| 005 |
20231102012705.0 |
| 010 |
|
|
|b 700 экз.
|
| 035 |
|
|
|a (RuTPU)RU\TPU\retro\32341
|
| 035 |
|
|
|a RU\TPU\book\275175
|
| 090 |
|
|
|a 374906
|
| 100 |
|
|
|a 20221219d1939 k y0rusy50 ca
|
| 101 |
0 |
|
|a rus
|
| 102 |
|
|
|a RU
|
| 105 |
|
|
|a a z 100zy
|
| 200 |
1 |
|
|a Материалы (доклады, тезисы и проекты резолюции докладчиков) конференции по вопросам основных новых направлений в развитии техники производства черных металлов в СССР
|f СССР, Народный комиссариат черной металлургии ; Всесоюзное научное инженерно-техническое общество металлургов ; отв. ред. А. И. Омельченко
|
| 210 |
|
|
|a Москва
|c Бюро технической помощи ВНИТО металлургов
|d 1939
|
| 215 |
|
|
|a 383 с.
|c ил.
|
| 610 |
1 |
|
|a черные металлы
|
| 610 |
1 |
|
|a металлургические процессы
|
| 610 |
1 |
|
|a технологическое производство
|
| 610 |
1 |
|
|a конференции
|
| 610 |
1 |
|
|a СССР
|
| 675 |
|
|
|a 669.1(063)
|v 3
|
| 702 |
|
1 |
|a Омельченко
|b А. И.
|4 340
|
| 712 |
0 |
1 |
|a СССР
|b Народный комиссариат черной металлургии
|c (1939-1946)
|2 stltpush
|3 (RuTPU)RU\TPU\col\17075
|9 26511
|
| 712 |
0 |
2 |
|a Всесоюзное научное инженерно-техническое общество металлургов
|2 stltpush
|3 (RuTPU)RU\TPU\col\17079
|9 26515
|
| 801 |
|
1 |
|a RU
|b 63413507
|c 20140305
|
| 801 |
|
2 |
|a RU
|b 63413507
|c 20221219
|g RCR
|
| 942 |
|
|
|c BK
|